| 000 | 00000nam##2200000za#4500 |
| 001 | 9.578706 |
| 003 | CaOODSP |
| 005 | 20210624190219 |
| 007 | cr ||||||||||| |
| 008 | 150406|2007||||xxc|||||o f|0| 0 eng|d |
| 040 | |aCaOODSP|beng |
| 043 | |an-cn--- |
| 086 | 1 |aFs3-5/2007-06E-PDF |
| 110 | 1 |aCanada. |bDepartment of Fisheries and Oceans. |
| 245 | 10|aAging accuracy, precision, and inter-laboratory comparisons for the 2007 assessments of Georges Bank yellowtail flounder and eastern Georges Bank cod and haddock / |h[electronic resource]|c[by] S.J. Sutherland, L. Van Eeckhaute, B. Hatt, N. Munroe, S.E. Pregracke, N.L. Shepherd, and J.M. Burnett. |
| 260 | |aOttawa - Ontario : |bFisheries and Oceans Canada |
| 300 | |a46p.|bgraphs, references, tables |
| 490 | 1 |aTransboundary Resource Assessment Committee reference document|v2007/06 |
| 546 | |a(Résumé en français) |
| 590 | |a14-12-Supp|b2014-05-30 |
| 830 | #0|aTransboundary Resource Assessment Committee reference document ;|v2007/06|w(CaOODSP)9.507742 |
| 856 | 40|ahttp://publications.gc.ca|qPDF|s254 KB|uhttps://publications.gc.ca/collections/collection_2014/mpo-dfo/Fs3-5-2007-06-eng.pdf|y2007/06 |